Luật kinh tế
Chương I : Những vấn đề chung doanh nghiệp theo luật doanh nghiệp. Chương II : Địa vị pháp lý của doanh nghiệp theo pháp luật Việ Nam. Chương III : Giải quyết phá sản doanh nghiệp, hợp tác xã. Chương IV : Pháp luật về hợp đồng trong hoạt động th...
Guardado en:
| Autor principal: | |
|---|---|
| Formato: | Libro |
| Lenguaje: | Undetermined |
| Publicado: |
Thành phố Hồ Chí Minh
Phương Đông
2010
|
| Materias: | |
| Etiquetas: |
Agregar Etiqueta
Sin Etiquetas, Sea el primero en etiquetar este registro!
|
| Thư viện lưu trữ: | Trung tâm Học liệu Trường Đại học Cần Thơ |
|---|
| LEADER | 01107nam a2200217Ia 4500 | ||
|---|---|---|---|
| 001 | CTU_207810 | ||
| 008 | 210402s9999 xx 000 0 und d | ||
| 020 | |c 72000 | ||
| 082 | |a 346.59707 | ||
| 082 | |b Kh401 | ||
| 100 | |a Nguyễn, Việt Khoa | ||
| 245 | 0 | |a Luật kinh tế | |
| 245 | 0 | |c Nguyễn Việt Khoa, Từ Thanh Thảo | |
| 260 | |a Thành phố Hồ Chí Minh | ||
| 260 | |b Phương Đông | ||
| 260 | |c 2010 | ||
| 520 | |a Chương I : Những vấn đề chung doanh nghiệp theo luật doanh nghiệp. Chương II : Địa vị pháp lý của doanh nghiệp theo pháp luật Việ Nam. Chương III : Giải quyết phá sản doanh nghiệp, hợp tác xã. Chương IV : Pháp luật về hợp đồng trong hoạt động thương mại. Chương V : Giải quyết tranh chấp thương mại theo pháp luật Việt Nam | ||
| 650 | |a Commercial law,Luật thương mại | ||
| 650 | |z Vietnam,Việt Nam | ||
| 904 | |i Hải | ||
| 980 | |a Trung tâm Học liệu Trường Đại học Cần Thơ | ||